effects of direct seeder equipped with two-wheel tractor on growth and yield of sen pidor rice variety, ឥទិ្ធពលនៃឧបករណ៍ដាំគ្រាប់បំពាក់ជាមួយគោយន្តលើការលូតលាស់និងទិន្នផលស្រូវពូជសែនពិដោរ (Record no. 19138)

000 -LEADER
fixed length control field 00668nam a22001337a 4500
040 ## - CATALOGING SOURCE
Transcribing agency RUA
082 ## - DEWEY DECIMAL CLASSIFICATION NUMBER
Classification number AGE MEA 2018 B659 Or.1
100 ## - MAIN ENTRY--AUTHOR NAME
Personal name MEAN CHAN MAKARA,មាន ចន្ទមករា
245 ## - TITLE STATEMENT
Title effects of direct seeder equipped with two-wheel tractor on growth and yield of sen pidor rice variety, ឥទិ្ធពលនៃឧបករណ៍ដាំគ្រាប់បំពាក់ជាមួយគោយន្តលើការលូតលាស់និងទិន្នផលស្រូវពូជសែនពិដោរ
260 ## - PUBLICATION, DISTRIBUTION, ETC. (IMPRINT)
Place of publication phnom penh
Name of publisher RUA
Year of publication 2018
300 ## - PHYSICAL DESCRIPTION
Number of Pages xi;51p;
Other physical details ill;
Dimensions 29cm;
856 ## - ELECTRONIC LOCATION AND ACCESS
Uniform Resource Identifier MEAN CHAN MAKARA
942 ## - ADDED ENTRY ELEMENTS (KOHA)
Koha item type AGE
952 ## - LOCATION AND ITEM INFORMATION (KOHA)
Withdrawn status [LOCAL, KOHA] 0
952 ## - LOCATION AND ITEM INFORMATION (KOHA)
Withdrawn status [LOCAL, KOHA] 0
952 ## - LOCATION AND ITEM INFORMATION (KOHA)
Withdrawn status [LOCAL, KOHA] 0
952 ## - LOCATION AND ITEM INFORMATION (KOHA)
Withdrawn status [LOCAL, KOHA] 0
952 ## - LOCATION AND ITEM INFORMATION (KOHA)
Withdrawn status [LOCAL, KOHA] 0
952 ## - LOCATION AND ITEM INFORMATION (KOHA)
Withdrawn status [LOCAL, KOHA] 0
Holdings
Permanent Location Date acquired Koha item type Lost status Shelving location Barcode Current Location Full call number
Library Block B2020-04-27AGE B659A063911Library Block BAGE MEA 2018 B659 Or.1
Library Block B2020-04-27AGE B659A42271Library Block BAGE MEA 2018 B659 Or.2
Library Block B2020-04-27AGE B659A44370Library Block BAGE MEA 2018 B659 Or.3
Library Block B2020-04-27AGE B659A44094Library Block BAGE MEA 2018 B659 Or.4
Library Block B2020-04-27AGE B659A44260Library Block BAGE MEA 2018 B659 Or.5
Library Block B2020-04-27AGE B659A063727Library Block BAGE MEA 2018 B659 Or.6
មជ្ឈមណ្ឌលឯការនៃសាកលវិទ្យាល័យភូមិន្ទកសិកម្មចំការដូង

Powered by Koha